2000s Rock Songs - Guess the Artist - Statistics

General Stats
  • This quiz has been taken 195 times
  • The average score is 41 of 100
Answer Stats
Song Artist % Correct
American Idiot | Boulevard of Broken Dreams | Holiday Green Day
95%
In the End | Numb Linkin Park
89%
By the Way | Californication | Dani California Red Hot Chili Peppers
88%
Viva La Vida | Yellow Coldplay
86%
Mr. Brightside | Somebody Told Me The Killers
82%
Seven Nation Army | The Hardest Button to Button The White Stripes
78%
BYOB | Chop Suey! System of a Down
75%
Bring Me to Life Evanescence
74%
How You Remind Me | Photograph | Too Bad Nickelback
71%
All My Life | Best of You | The Pretender Foo Fighters
68%
Teenagers | Welcome to the Black Parade My Chemical Romance
66%
Beverly Hills | Hash Pipe | Island in the Sun Weezer
66%
Sugar, We're Goin Down | Thnks fr th Mmrs Fall Out Boy
62%
I Write Sins Not Tragedies Panic! At the Disco
62%
It's My Life Bon Jovi
61%
Sex on Fire | Use Somebody Kings of Leon
58%
Misery Business | That's What You Get Paramore
58%
Teenage Dirtbag Wheatus
53%
Take Me Out Franz Ferdinand
52%
Kryptonite 3 Doors Down
51%
I Hate Everything About You Three Days Grace
51%
Like a Stone Audioslave
47%
I Miss You | The Rock Show blink-182
47%
The Middle Jimmy Eat World
47%
Fat Lip Sum 41
44%
Beautiful Day | City of Blinding Lights U2
44%
Dirty Little Secret The All American Rejects
38%
Lifestyles of the Rich & Famous | The Anthem Good Charlotte
37%
Stacy's Mom Fountains of Wayne
35%
Change (In the House of Flies) Deftones
34%
I Bet You Look Good on the Dancefloor Arctic Monkeys
32%
The Diary of Jane Breaking Benjamin
32%
Are You Gonna Be My Girl? Jet
32%
Closer to the Edge | The Kill (Bury Me) Thirty Seconds to Mars
30%
Last Nite | Someday The Strokes
28%
She Hates Me Puddle of Mudd
26%
All Summer Long Kid Rock
25%
Renegades of Funk Rage Against the Machine
25%
Starlight Muse
23%
Hit That The Offspring
23%
Hanging by a Moment Lifehouse
20%
Youth of the Nation P.O.D.
20%
Chelsea Dagger The Fratellis
20%
Float On Modest Mouse
19%
Jaded Aerosmith
18%
Hemorrhage (In My Hands) Fuel
18%
Wish You Were Here Incubus
18%
I Disappear Metallica
18%
The Pot TOOL
18%
Rock N Roll Train ACDC
17%
Miss Murder AFI
16%
Maps Yeah Yeah Yeahs
14%
Bodysnatchers Radiohead
13%
So Far Away Staind
13%
Slither Velvet Revolver
12%
The Hand That Feeds Nine Inch Nails
11%
Just Breathe | Life Wasted Pearl Jam
10%
Hate to Say I Told You So The Hives
10%
Feel Good Hit of the Summer Queens of the Stone Age
9%
Steady, As She Goes The Raconteurs
9%
Woman Wolfmother
8%
The Rising Bruce Springsteen
6%
Back Against the Wall Cage the Elephant
6%
Crawling in the Dark Hoobastank
6%
The Adventure Angels & Airwaves
4%
The Outsider A Perfect Circle
4%
The Space Between Dave Matthews Band
4%
One Thing Finger Eleven
4%
Saving Grace Tom Petty
4%
What I Want Daughtry
3%
I Got Mine | Strange Times The Black Keys
3%
Get Free The Vines
3%
Life on a Chain Pete Yorn
2%
Sometime Around Midnight The Airborne Toxic Event
1%
No matching quizzes found
Score Distribution
Percent of People with Each Score
Percentile by Number Answered
Your Score History
You have not taken this quiz